Central Library OPAC University of Rajshahi

Print Writing fast programs: (Record no. 55189)

MARC details
000 -LEADER
fixed length control field 00674nam a2200229 a 4500
001 - CONTROL NUMBER
control field 55189
003 - CONTROL NUMBER IDENTIFIER
rucl marc code BD-RjUL
005 - DATE AND TIME OF LATEST TRANSACTION
control field 20211209080228.0
008 - FIXED-LENGTH DATA ELEMENTS--GENERAL INFORMATION
fixed length control field 161115s2008 ii ||||| |||| 00| 0 eng d
020 ## - INTERNATIONAL STANDARD BOOK NUMBER
International Standard Book Number 8130908395
035 ## - SYSTEM CONTROL NUMBER
System control number (BD-RjUL)55311
040 ## - CATALOGING SOURCE
Original cataloging agency BD-RjUL
Language of cataloging eng
Transcribing agency BD-RjUL
041 ## - LANGUAGE CODE
Language code of text/sound track or separate title eng
082 ## - DEWEY DECIMAL CLASSIFICATION NUMBER
Edition number 23
Classification number 005.1
Author mark and year RIW 2008
100 10 - MAIN ENTRY--PERSONAL NAME
Personal name Riley, John
9 (RLIN) 164439
245 ## - TITLE STATEMENT
Title Print Writing fast programs:
Remainder of title a practical guide for scientists and engineers /
Statement of responsibility, etc. John S.Riley,
250 ## - EDITION STATEMENT
Edition statement First Indin ed.
260 ## - PUBLICATION, DISTRIBUTION, ETC. (IMPRINT)
Place of publication, distribution, etc. New Dellhi:
Name of publisher, distributor, etc. Viva Books,
Date of publication, distribution, etc. c2008
300 ## - PHYSICAL DESCRIPTION
Pagination xxvii 228p. :
Illustrations ill, ;
Size 23 cm.
650 ## - SUBJECT ADDED ENTRY--TOPICAL TERM
Topical term or geographic name as entry element Computer programming
9 (RLIN) 138757
942 ## - ADDED ENTRY ELEMENTS (KOHA)
Source of classification or shelving scheme Dewey Decimal Classification
Koha item type Books
Holdings
Lost status Source of classification or shelving scheme Damaged status Not for loan Collection code Permanent Location Current Location Shelving location Date acquired Source of acquisition Cost, normal purchase price Total Checkouts Full call number Date last seen Copy number Koha item type
  Dewey Decimal Classification     Non-fiction Central Library, University of Rajshahi Central Library, University of Rajshahi   11/07/2009 dhaka, paragon Enterprice ltd. 1161.00   005.1 RIW 2008 15/11/2016 C-2 Books
  Dewey Decimal Classification   Not For Loan Non-fiction Central Library, University of Rajshahi Central Library, University of Rajshahi Reading Room 11/07/2009 Dhaka, Ahsania Mission Book Distribuion House 1161.30   005.1 RIW 2008 14/03/2017 C-1 Books